British Columbia Electoral Districts - Statistics

General Stats
  • This quiz has been taken 145 times
  • The average score is 29 of 93
Answers on the Map
Answers color-coded by a green-red scale on the quiz's map according to % correct below.
 
Answer Stats
Region Answer % Correct
Coast North Coast-Haida Gwaii
63%
Lower Mainland Vancouver-Point Grey
59%
Lower Mainland West Vancouver-Sea to Sky
59%
The Island North Island
57%
Lower Mainland Coquitlam-Burke Mountain
55%
Capital Region Saanich North and the Islands
51%
Lower Mainland Burnaby South-Metrotown
49%
The Island Courtenay-Comox
49%
North Nechako Lakes
49%
Kamloops Kamloops Centre
47%
Okanagan Kelowna Centre
47%
Capital Region Saanich South
47%
Okanagan Fraser-Nicola
45%
Lower Mainland Richmond Centre
45%
Lower Mainland Richmond-Steveston
45%
Lower Mainland Surrey-White Rock
45%
Capital Region Victoria-Beacon Hill
45%
Lower Mainland Delta North
43%
Capital Region Juan de Fuca-Malahat
43%
Lower Mainland Port Coquitlam
43%
Lower Mainland Surrey South
43%
Lower Mainland Vancouver-Quilchena
43%
Lower Mainland Vancouver-West End
43%
North Bulkley Valley-Stikine
41%
Lower Mainland Burnaby North
41%
Lower Mainland Delta South
41%
Capital Region Oak Bay-Gordon Head
41%
Lower Mainland Surrey City Centre
41%
Lower Mainland Surrey-Newton
41%
Lower Mainland Burnaby East
39%
Coast Skeena
39%
Lower Mainland Abbotsford-Mission
37%
Okanagan Boundary-Similkameen
37%
Lower Mainland Burnaby Centre
37%
North Peace River North
37%
North Peace River South
37%
Lower Mainland Vancouver-Hastings
37%
Lower Mainland Burnaby-New Westminster
35%
Kamloops Cariboo-Chilcotin
35%
Lower Mainland Coquitlam-Maillardville
35%
Lower Mainland Surrey North
35%
The Island Cowichan Valley
33%
Interior Kootenay Central
33%
Lower Mainland Surrey-Cloverdale
33%
Lower Mainland Vancouver-Strathcona
33%
Lower Mainland Vancouver-Yaletown
33%
Lower Mainland West Vancouver-Capilano
33%
Lower Mainland Maple Ridge-Pitt Meadows
31%
The Island Mid Island-Pacific Rim
31%
Lower Mainland Richmond-Queensborough
31%
Lower Mainland Vancouver-South Granville
31%
Capital Region Victoria-Swan Lake
31%
Lower Mainland Abbotsford South
29%
Capital Region Esquimalt-Colwood
29%
The Island Ladysmith-Oceanside
29%
Lower Mainland North Vancouver-Seymour
29%
Lower Mainland Vancouver-Fraserview
29%
Lower Mainland Vancouver-Kensington
29%
Lower Mainland Vancouver-Langara
29%
Lower Mainland Vancouver-Little Mountain
29%
Lower Mainland Abbotsford West
27%
Lower Mainland Langley-Abbotsford
27%
Lower Mainland North Vancouver-Lonsdale
27%
Interior Kootenay-Rockies
24%
Capital Region Langford-Highlands
24%
Lower Mainland Surrey-Serpentine River
24%
Lower Mainland Port Moody-Burquitlam
22%
Coast Powell River-Sunshine Coast
22%
Lower Mainland Surrey-Fleetwood
22%
Interior Columbia River-Revelstoke
20%
The Island Nanaimo-Lantzville
20%
Lower Mainland Maple Ridge East
18%
The Island Nanaimo-Gabriola Island
18%
Lower Mainland New Westminster-Coquitlam
18%
Okanagan Penticton-Summerland
18%
Lower Mainland Surrey-Guildford
18%
Lower Mainland Chilliwack North
16%
Interior Vernon-Lumby
16%
Lower Mainland Chilliwack-Cultus Lake
14%
Okanagan Kelowna-Lake Country-Coldstream
14%
Interior Kootenay-Monashee
14%
North Prince George-North Cariboo
14%
Lower Mainland Surrey-Panorama
14%
Okanagan Kelowna-Mission
12%
North Prince George-Mackenzie
12%
Lower Mainland Richmond-Bridgeport
12%
Lower Mainland Vancouver-Renfrew
12%
Okanagan West Kelowna-Peachland
12%
North Prince George-Valemount
10%
Interior Salmon Arm-Shuswap
10%
Kamloops Kamloops-North Thompson
8%
Lower Mainland Langley-Willowbrook
8%
Lower Mainland Langley-Walnut Grove
6%
No matching quizzes found
Score Distribution
Percent of People with Each Score
Percentile by Number Answered
Your Score History
You have not taken this quiz